000 00830nam a22002537a 4500
003 OSt
005 20230315081059.0
008 221006b |||||||| |||| 00| 0 eng d
040 _cBiblioteca Lado V
082 _a708
_bL477a
100 _9784
_aLee Bostick, Cori
_eeditor
245 _aArt Now Gallery Guide/
_bNational & International/
260 _bKent Gallery
_c2002
_aNew York
300 _c13.5x21cm
_a66p.
366 _eeng
490 _aDiciembre
_v2002
650 _2Tesauro de Arte & Arquitectura
_aARTE
_9703
650 _2Tesauro de Arte & Arquitectura
_aGUIA
650 _2Tesauro de Arte & Arquitectura
_aGATELERIA
650 _2Tesauro de Arte & Arquitectura
_aCOLECCIONISMO
700 _aMessinger, Heidi
_eeditor
700 _aPetri, Rebecca
_eeditor
942 _2ddc
_c1
_h708
_iL477a
_n0
999 _c3195
_d3195